[Event "26th WSCC 2016 Women 65+"]
[Site "Marianske Lazne, Czech Republic - Hotel Cristal"]
[Date "2016.11.24"]
[Round "5.6"]
[White "Benova, Zita"]
[Black "O`Neill, Julie Anne"]
[Result "1/2-1/2"]
[WhiteElo "1632"]
[BlackElo "1774"]
[PlyCount "111"]
[EventDate "2016.11.19"]

1. e4 g6 2. d4 Bg7 3. c3 d6 4. Be3 Nd7 5. Ne2 Ngf6 6. f3 O-O 7. Qd2 e5 8. Nc1
Re8 9. d5 a6 10. Bd3 Nc5 11. Bc2 Nh5 12. O-O b5 13. b4 Nb7 14. a4 Bd7 15. g4
Nf4 16. Bxf4 exf4 17. Qxf4 Qh4 18. Qg3 Qe7 19. Nd3 c5 20. bxc5 Nxc5 21. Nxc5
dxc5 22. f4 b4 23. e5 Qd8 24. cxb4 cxb4 25. Bb3 Qb6+ 26. Qf2 Qa5 27. Nd2 Bxg4
28. Qg2 Bf5 29. Rac1 Qb6+ 30. Qf2 Qxf2+ 31. Kxf2 Bh6 32. Kg3 Rac8 33. Nc4 Bd3
34. Rfe1 Bxc4 35. Bxc4 Bg7 36. Bxa6 Rxc1 37. Rxc1 g5 38. Rc8 gxf4+ 39. Kf3 Rxc8
40. Bxc8 Bxe5 41. a5 Bb8 42. a6 Kf8 43. d6 Ke8 44. Bf5 h6 45. h3 Kd8 46. a7
Bxa7 47. Kxf4 f6 48. Ke4 b3 49. Kd5 b2 50. Kc6 Bd4 51. h4 h5 52. Kd5 Bf2 53.
Kc4 Bxh4 54. Kc3 b1=Q 55. Bxb1 Kd7 56. Bg6 1/2-1/2

[Event "26th WSCC 2016 Women 65+"]
[Site "Marianske Lazne, Czech Republic - Hotel Cristal"]
[Date "2016.11.24"]
[Round "5.7"]
[White "Urbanaites, Elvira"]
[Black "Hrivnakova, Anna"]
[Result "1-0"]
[WhiteElo "1501"]
[BlackElo "1555"]
[PlyCount "93"]
[EventDate "2016.11.19"]

1. e4 c5 2. a3 Nc6 3. b4 cxb4 4. axb4 Nf6 5. b5 Ne5 6. d4 Ng6 7. e5 Nd5 8. Nf3
h6 9. c4 Nb6 10. d5 d6 11. Bb2 Bg4 12. Nbd2 dxe5 13. Qc2 Qc7 14. Qe4 Bxf3 15.
Nxf3 Nd7 16. Bd3 Nc5 17. Qe3 Nxd3+ 18. Qxd3 Nf4 19. Qf1 f6 20. g3 e4 21. gxf4
exf3 22. Bc1 Qd6 23. Qd3 Kd8 24. O-O g5 25. Qxf3 Rg8 26. Kh1 g4 27. Qe4 Rg7 28.
Be3 b6 29. Rfe1 Qd7 30. Bxb6+ Ke8 31. Be3 f5 32. Qe6 Qxe6 33. dxe6 Rg6 34. Ra6
Bg7 35. Rc6 Bb2 36. Rd1 h5 37. Bxa7 Kf8 38. b6 h4 39. b7 Re8 40. Rc8 Be5 41.
Rxe8+ Kxe8 42. fxe5 Rxe6 43. b8=Q+ Kf7 44. Rd8 h3 45. Rf8+ Kg7 46. Rg8+ Kh7 47.
Rh8+ 1-0

[Event "26th WSCC 2016 Women 65+"]
[Site "Marianske Lazne, Czech Republic - Hotel Cristal"]
[Date "2016.11.26"]
[Round "6.2"]
[White "Fatalibekova, Elena"]
[Black "Khmiadashvili, Tamar"]
[Result "1-0"]
[WhiteElo "2269"]
[BlackElo "1971"]
[PlyCount "47"]
[EventDate "2016.11.19"]

1. e4 d5 2. exd5 Qxd5 3. Nc3 Qd8 4. d4 c6 5. Bc4 Nf6 6. Nf3 e6 7. O-O Be7 8.
Re1 b5 9. Bd3 b4 10. Ne4 Ba6 11. a3 Bxd3 12. Qxd3 bxa3 13. b3 Nbd7 14. Bxa3 O-O
15. Nxf6+ gxf6 16. Bxe7 Qxe7 17. Ra5 f5 18. Rxf5 f6 19. Qc4 Rae8 20. Ra5 Nb6
21. Qxc6 Rc8 22. Qe4 Rfe8 23. d5 e5 24. Nh4 1-0

[Event "26th WSCC 2016 Women 65+"]
[Site "Marianske Lazne, Czech Republic - Hotel Cristal"]
[Date "2016.11.26"]
[Round "6.3"]
[White "Tsifanskaya, Ludmila A"]
[Black "Pribylova, Ruzena"]
[Result "1-0"]
[WhiteElo "2104"]
[BlackElo "1911"]
[PlyCount "83"]
[EventDate "2016.11.19"]

1. e4 c5 2. Nf3 d6 3. d4 cxd4 4. Qxd4 Nc6 5. Bb5 Bd7 6. Bxc6 Bxc6 7. Nc3 Nf6 8.
Bg5 e6 9. O-O-O Be7 10. Qd3 a6 11. Nd4 Qa5 12. Bd2 Qc7 13. f4 b5 14. Nxc6 Qxc6
15. e5 dxe5 16. fxe5 Nd5 17. Nxd5 Qxd5 18. Qxd5 exd5 19. Ba5 Bd8 20. Bc3 Bg5+
21. Kb1 Rd8 22. Rd3 Ke7 23. h4 Bh6 24. g4 g6 25. e6 f6 26. g5 Bg7 27. Rf1 Kxe6
28. gxf6 Bh6 29. Re1+ Kf5 30. Re5+ Kg4 31. Rd4+ Kg3 32. Be1+ Kf3 33. Rd3+ Kg4
34. Rexd5 Rde8 35. Bc3 Rhf8 36. a4 bxa4 37. R5d4+ Kf5 38. Rf3+ Ke6 39. Rxa4 Ra8
40. Re4+ Kf7 41. Re7+ Kg8 42. f7+ 1-0

[Event "26th WSCC 2016 Women 65+"]
[Site "Marianske Lazne, Czech Republic - Hotel Cristal"]
[Date "2016.11.26"]
[Round "6.4"]
[White "Kuznetsova, Luba"]
[Black "Modrova, Hana"]
[Result "1/2-1/2"]
[WhiteElo "2021"]
[BlackElo "1842"]
[PlyCount "40"]
[EventDate "2016.11.19"]

1. d4 d6 2. Nf3 Nf6 3. e3 c6 4. Bd3 Bg4 5. Nbd2 e6 6. c3 Be7 7. O-O d5 8. Re1
O-O 9. b4 Qc7 10. h3 Bh5 11. Qb3 Nbd7 12. Bb2 b5 13. a4 a6 14. Qc2 Bg6 15. Bxg6
hxg6 16. e4 Nxe4 17. Nxe4 dxe4 18. Qxe4 Nf6 19. Qe2 Bd6 20. a5 Nd5 1/2-1/2

[Event "26th WSCC 2016 Women 65+"]
[Site "Marianske Lazne, Czech Republic - Hotel Cristal"]
[Date "2016.11.26"]
[Round "6.6"]
[White "Katusak-Huzsvar, Rezsone"]
[Black "Kabanova, Irina"]
[Result "1/2-1/2"]
[WhiteElo "1372"]
[BlackElo "1834"]
[PlyCount "24"]
[EventDate "2016.11.19"]

1. e4 c5 2. Nf3 e6 3. c3 d5 4. exd5 Qxd5 5. d4 cxd4 6. Qxd4 Nf6 7. Bc4 Qxd4 8.
Nxd4 a6 9. O-O Bd7 10. h3 Nc6 11. Nf3 Be7 12. Be3 O-O 1/2-1/2

[Event "26th WSCC 2016 Women 65+"]
[Site "Marianske Lazne, Czech Republic - Hotel Cristal"]
[Date "2016.11.26"]
[Round "6.9"]
[White "Ristoja, Aulikki"]
[Black "Florea, Dorina"]
[Result "1-0"]
[WhiteElo "1670"]
[BlackElo "1769"]
[PlyCount "79"]
[EventDate "2016.11.19"]

1. d4 Nf6 2. c4 e6 3. Nf3 d5 4. Nc3 c6 5. cxd5 exd5 6. Bf4 Bf5 7. e3 Bd6 8.
Bxd6 Qxd6 9. Bd3 Bxd3 10. Qxd3 O-O 11. O-O Nbd7 12. a3 Rfe8 13. h3 Ne4 14. Nd2
Ndf6 15. f3 Nxc3 16. bxc3 Qg3 17. Rfe1 Re7 18. Nf1 Qc7 19. e4 dxe4 20. fxe4
Rae8 21. e5 c5 22. Qd2 Nd7 23. Ne3 Nb6 24. Nf5 Re6 25. Qf2 cxd4 26. cxd4 Nc8
27. Rab1 g6 28. Nh6+ Kg7 29. Ng4 Nb6 30. Nf6 Rd8 31. Qh4 h6 32. Rec1 Qe7 33.
Qf2 Nd5 34. Ne4 f6 35. Nc5 Rb6 36. Rxb6 Nxb6 37. exf6+ Qxf6 38. Nxb7 Qxf2+ 39.
Kxf2 Rxd4 40. Nc5 1-0

[Event "26th WSCC 2016 Women 65+"]
[Site "Marianske Lazne, Czech Republic - Hotel Cristal"]
[Date "2016.11.27"]
[Round "7.2"]
[White "Modrova, Hana"]
[Black "Fatalibekova, Elena"]
[Result "0-1"]
[WhiteElo "1842"]
[BlackElo "2269"]
[PlyCount "82"]
[EventDate "2016.11.19"]

1. d4 Nf6 2. Nf3 g6 3. Bg5 Bg7 4. c3 b6 5. Nbd2 Bb7 6. e3 O-O 7. Bd3 d5 8. Qc2
Nbd7 9. O-O c5 10. Rfe1 Rc8 11. Rac1 Re8 12. Qb1 a6 13. Ne5 Nxe5 14. dxe5 Nd7
15. f4 f6 16. exf6 exf6 17. Bh4 Qc7 18. Nf3 f5 19. Bg3 Nf6 20. h3 b5 21. Ne5
Nd7 22. Nxd7 Qxd7 23. Rcd1 Qc6 24. Bf1 Bf6 25. Bf2 c4 26. Qc2 a5 27. Rd2 b4 28.
Red1 Red8 29. cxb4 axb4 30. Qb1 Ba6 31. Rc2 c3 32. b3 Bxf1 33. Rxf1 Qe6 34. Re1
Qe4 35. Ree2 Qd3 36. Qe1 Re8 37. g4 Kf7 38. Kg2 d4 39. exd4 Rxe2 40. Qxe2 Qxe2
41. Rxe2 c2 0-1

[Event "26th WSCC 2016 Women 65+"]
[Site "Marianske Lazne, Czech Republic - Hotel Cristal"]
[Date "2016.11.27"]
[Round "7.3"]
[White "Sorokina, Tamara"]
[Black "Tsifanskaya, Ludmila A"]
[Result "1/2-1/2"]
[WhiteElo "2080"]
[BlackElo "2104"]
[PlyCount "37"]
[EventDate "2016.11.19"]

1. d4 Nf6 2. Nd2 c5 3. e3 b6 4. Ngf3 Bb7 5. Bd3 g6 6. c3 Bg7 7. e4 d6 8. O-O
O-O 9. Re1 Nc6 10. d5 Nb8 11. h3 Nbd7 12. Nf1 Qc7 13. c4 Ne5 14. Nxe5 dxe5 15.
Ng3 Ne8 16. Be3 Nd6 17. Qd2 f6 18. Bh6 Nf7 19. Bxg7 1/2-1/2

[Event "26th WSCC 2016 Women 65+"]
[Site "Marianske Lazne, Czech Republic - Hotel Cristal"]
[Date "2016.11.27"]
[Round "7.5"]
[White "Pribylova, Ruzena"]
[Black "Kuznetsova, Luba"]
[Result "0-1"]
[WhiteElo "1911"]
[BlackElo "2021"]
[PlyCount "124"]
[EventDate "2016.11.19"]

1. e4 c5 2. Nf3 a6 3. d4 cxd4 4. Nxd4 Nf6 5. Nc3 d6 6. Be2 g6 7. O-O Bg7 8. Be3
O-O 9. f4 Qc7 10. Bf3 Nc6 11. Qe2 Bd7 12. Rad1 Rac8 13. Rd2 Na5 14. Rdd1 Nc4
15. Nd5 Nxd5 16. exd5 Nxb2 17. Rb1 Nc4 18. Bf2 b5 19. Rbe1 Rfe8 20. Be4 Qa5 21.
Rd1 Qa3 22. g4 Rc7 23. Kg2 Rec8 24. h4 h5 25. f5 hxg4 26. Rd3 Qxa2 27. fxg6
fxg6 28. Ne6 Bxe6 29. dxe6 Ne5 30. Rd2 Qa3 31. Be3 Rc3 32. Bd3 Qa4 33. Rf4 Qa2
34. Rf2 Qd5+ 35. Kg3 Nxd3 36. cxd3 Qxe6 37. Ra2 Be5+ 38. Kg2 R8c6 39. Bh6 Kh7
40. Bg5 Qd5+ 41. Kg1 Kg7 42. Rd2 Rc1+ 43. Rf1 Rxf1+ 44. Qxf1 Bd4+ 45. Kh2 Qf3
46. Qxf3 gxf3 47. Bxe7 Be3 48. Rd1 f2 49. Kg2 Kf7 50. Bd8 Bd4 51. Ba5 d5 52.
Bb4 Ke6 53. Kf3 Kf5 54. Bd2 Rc2 55. Be3 Bxe3 56. Kxe3 Kg4 57. Rh1 Kg3 58. h5
gxh5 59. d4 Kg2 60. Rh4 Rc3+ 61. Kd2 Rf3 62. Rxh5 f1=Q 0-1

[Event "26th WSCC 2016 Women 65+"]
[Site "Marianske Lazne, Czech Republic - Hotel Cristal"]
[Date "2016.11.27"]
[Round "7.6"]
[White "Hrivnakova, Anna"]
[Black "O`neill, Julie Anne"]
[Result "1/2-1/2"]
[WhiteElo "1555"]
[BlackElo "1774"]
[PlyCount "83"]
[EventDate "2016.11.19"]

1. d4 Nf6 2. c4 c5 3. Bg5 cxd4 4. Bxf6 exf6 5. Qxd4 Nc6 6. Qd1 Bb4+ 7. Nc3 O-O
8. e3 Ne5 9. Qb3 a5 10. a3 Bxc3+ 11. Qxc3 d6 12. h3 Be6 13. f4 Ng6 14. Nf3 Re8
15. Bd3 Bd7 16. Bxg6 fxg6 17. Kf2 Rc8 18. Qd4 Bc6 19. Rad1 Re4 20. Qxd6 Qxd6
21. Rxd6 Rxc4 22. Rhd1 Rc2+ 23. R1d2 Be4 24. Rxc2 Rxc2+ 25. Rd2 Rc7 26. g3 f5
27. Ne5 Kf8 28. h4 Ke7 29. Nf3 Bxf3 30. Kxf3 h5 31. Rd5 b6 32. Rb5 Rc6 33. a4
Kd6 34. b4 axb4 35. Rxb4 Kc5 36. Rb5+ Kc4 37. Ke2 Rd6 38. Rb1 Kc3 39. Kf3 Kc4
40. Rb5 Re6 41. Ke2 Rd6 42. Rb1 1/2-1/2

[Event "26th WSCC 2016 Women 65+"]
[Site "Marianske Lazne, Czech Republic - Hotel Cristal"]
[Date "2016.11.27"]
[Round "7.8"]
[White "Urbanaites, Elvira"]
[Black "Katusak-Huzsvar, Rezsone"]
[Result "1-0"]
[WhiteElo "1501"]
[BlackElo "1372"]
[PlyCount "149"]
[EventDate "2016.11.19"]

1. e4 e5 2. Nc3 Nf6 3. f4 d6 4. Nf3 Be7 5. Bc4 O-O 6. fxe5 dxe5 7. O-O Nbd7 8.
d3 Bc5+ 9. Kh1 h6 10. Qe2 c6 11. a3 a6 12. Be3 Bxe3 13. Qxe3 Ng4 14. Qd2 Qb6
15. Na4 Qc7 16. Ba2 b5 17. Nc3 Nb6 18. h3 Nf6 19. Qf2 Re8 20. Nh4 Be6 21. Bxe6
Rxe6 22. Nf5 Nh7 23. Qh4 Qd8 24. Qf2 Nd7 25. d4 Rf6 26. Rad1 Qc7 27. Qg3 g5 28.
d5 Re8 29. d6 Qb6 30. Ne7+ Kg7 31. Rxf6 Nhxf6 32. Qf3 Qc5 33. Nf5+ Kg6 34. Ne7+
Kg7 35. b4 Qc4 36. Rf1 Ra8 37. Qd3 Qxd3 38. cxd3 c5 39. Nf5+ Kg6 40. Ne7+ Kg7
41. Kh2 Rd8 42. Rf3 Nf8 43. bxc5 Ne6 44. c6 Nd4 45. Rxf6 Kxf6 46. Ncd5+ Ke6 47.
c7 Rh8 48. c8=Q+ Rxc8 49. Nxc8 Ne2 50. Ndb6 Nd4 51. Kg3 h5 52. Kf2 a5 53. d7
Nc6 54. d8=Q Nxd8 55. Na7 b4 56. axb4 axb4 57. Nc4 f6 58. Ke3 Nb7 59. Nc6 b3
60. Kd2 Kd7 61. Nb4 Nc5 62. Kc3 Ne6 63. Nd5 Nf4 64. Nxf6+ Ke6 65. Nh7 Nxg2 66.
Nxg5+ Kf6 67. Nf3 Nf4 68. h4 Ng6 69. Kxb3 Ke6 70. Kb4 Kf6 71. Kc5 Nf4 72. Ncxe5
Ng2 73. Kd6 Nf4 74. d4 Ne6 75. Nd7+ 1-0

[Event "26th WSCC 2016 Women 65+"]
[Site "Marianske Lazne, Czech Republic - Hotel Cristal"]
[Date "2016.11.27"]
[Round "7.9"]
[White "Florea, Dorina"]
[Black "Benova, Zita"]
[Result "1-0"]
[WhiteElo "1769"]
[BlackElo "1632"]
[PlyCount "73"]
[EventDate "2016.11.19"]

1. e4 d6 2. d4 g6 3. c4 Bg7 4. Nc3 c6 5. Nf3 Bg4 6. Be2 Nd7 7. O-O a6 8. Be3
Bxf3 9. Bxf3 Bh6 10. Bxh6 Nxh6 11. Qd2 Nf5 12. exf5 gxf5 13. Qf4 Qa5 14. Rfe1
e5 15. Qxf5 O-O-O 16. dxe5 Qb4 17. exd6 Qxc4 18. Nd5 Kb8 19. Ne7 Ka8 20. Rec1
Qe6 21. Rd1 h5 22. Qa5 Nb8 23. Qa3 Rh6 24. Rac1 Rxd6 25. Rxd6 Qxd6 26. Qxd6
Rxd6 27. Nf5 Rd2 28. Rb1 Nd7 29. Bxh5 Ne5 30. a4 Ka7 31. b3 a5 32. Ne3 b5 33.
f4 Nd3 34. g3 Nb4 35. axb5 cxb5 36. Bxf7 Re2 37. Nd5 1-0

[Event "26th WSCC 2016 Women 65+"]
[Site "Marianske Lazne, Czech Republic - Hotel Cristal"]
[Date "2016.11.29"]
[Round "8.2"]
[White "Fatalibekova, Elena"]
[Black "Ristoja, Aulikki"]
[Result "1/2-1/2"]
[WhiteElo "2269"]
[BlackElo "1670"]
[PlyCount "64"]
[EventDate "2016.11.19"]

1. e4 d5 2. exd5 Qxd5 3. Nc3 Qa5 4. d4 Nf6 5. Bc4 c6 6. Bd2 Bf5 7. Nf3 Nbd7 8.
Qe2 e6 9. O-O-O Bb4 10. Ne5 Nxe5 11. dxe5 Nd5 12. Ne4 Bxe4 13. Qxe4 Bxd2+ 14.
Rxd2 O-O-O 15. Rhd1 h6 16. Bb3 Qb6 17. Qf3 Rdf8 18. c4 Qc5 19. Kb1 Ne7 20. Rd7
Ng6 21. Rxf7 Nxe5 22. Rxf8+ Rxf8 23. Qh3 Rf6 24. Qh5 Rf8 25. f4 Nd7 26. Qe2
Rxf4 27. g4 e5 28. Bc2 Qxc4 29. Bd3 Qf7 30. Bf5 Rxf5 31. gxf5 Qxf5+ 32. Ka1 Qe6
1/2-1/2

[Event "26th WSCC 2016 Women 65+"]
[Site "Marianske Lazne, Czech Republic - Hotel Cristal"]
[Date "2016.11.29"]
[Round "8.4"]
[White "O`Neill, Julie Anne"]
[Black "Pribylova, Ruzena"]
[Result "0-1"]
[WhiteElo "1774"]
[BlackElo "1911"]
[PlyCount "108"]
[EventDate "2016.11.19"]

1. Nf3 c5 2. g3 d5 3. d3 Nf6 4. Bg2 Nc6 5. O-O e5 6. Bg5 Be7 7. Bxf6 Bxf6 8. e4
dxe4 9. dxe4 O-O 10. Nc3 Bg4 11. Qxd8 Raxd8 12. Nd5 Rd6 13. c3 Bd8 14. h3 Be6
15. Rad1 Rd7 16. Rd2 f5 17. Rfd1 Rdf7 18. exf5 Rxf5 19. Ne3 Rxf3 20. Bxf3 Rxf3
21. Rxd8+ Nxd8 22. Rxd8+ Rf8 23. Rxf8+ Kxf8 24. a3 Bxh3 25. Nc4 Ke7 26. Nxe5
Bf5 27. Nc4 Ke6 28. f4 Kd5 29. Ne3+ Ke4 30. Kf2 Bd7 31. Nc4 Bc6 32. Ne5 Be8 33.
Ke2 g5 34. Kd2 gxf4 35. gxf4 b6 36. Ke2 Kxf4 37. Nd3+ Kg3 38. Nf2 Bc6 39. c4 a6
40. b4 cxb4 41. axb4 h5 42. Kf1 Kf3 43. Nd3 Ke4 44. Nc1 Kd4 45. c5 Bb5+ 46. Kg1
bxc5 47. Nb3+ Kc4 48. Nxc5 Kxb4 49. Ne4 Bd3 50. Nf2 Bf5 51. Nd1 a5 52. Ne3 Be4
53. Kf2 a4 54. Nd1 a3 0-1

[Event "26th WSCC 2016 Women 65+"]
[Site "Marianske Lazne, Czech Republic - Hotel Cristal"]
[Date "2016.11.29"]
[Round "8.5"]
[White "Modrova, Hana"]
[Black "Urbanaites, Elvira"]
[Result "1-0"]
[WhiteElo "1842"]
[BlackElo "1501"]
[PlyCount "85"]
[EventDate "2016.11.19"]

1. d4 d5 2. Nf3 Bf5 3. c3 Nf6 4. Bg5 Ne4 5. Bh4 c6 6. Nbd2 Qb6 7. Qb3 Nd7 8. e3
e6 9. Nxe4 Qxb3 10. axb3 Bxe4 11. Nd2 Bg6 12. b4 Bd6 13. Be2 O-O 14. O-O e5 15.
dxe5 Nxe5 16. f4 Bd3 17. fxe5 Bxe2 18. Rf2 Bxe5 19. Rxe2 Rfe8 20. Bf2 Re6 21.
Nf3 Bc7 22. Nd4 Rh6 23. h3 Bb6 24. Rae1 c5 25. bxc5 Bxc5 26. e4 Bxd4 27. Bxd4
dxe4 28. Rxe4 f5 29. Re7 Rg6 30. Rxb7 a5 31. Ree7 a4 32. Rxg7+ Rxg7 33. Rxg7+
Kf8 34. Ra7 Rxa7 35. Bxa7 Ke7 36. Kf2 Ke6 37. Ke3 Kd5 38. Kd3 h6 39. c4+ Kc6
40. Kd4 Kb7 41. Bc5 Kc6 42. Bb4 Kb6 43. Ke5 1-0

[Event "26th WSCC 2016 Women 65+"]
[Site "Marianske Lazne, Czech Republic - Hotel Cristal"]
[Date "2016.11.29"]
[Round "8.6"]
[White "Benova, Zita"]
[Black "Kabanova, Irina"]
[Result "1/2-1/2"]
[WhiteElo "1632"]
[BlackElo "1834"]
[PlyCount "32"]
[EventDate "2016.11.19"]

1. e4 c5 2. Nf3 e6 3. d4 cxd4 4. Nxd4 a6 5. c3 Qc7 6. g3 d6 7. Bg2 Ne7 8. O-O
e5 9. Nb3 Be6 10. Be3 Nd7 11. Re1 Nf6 12. f3 Nc6 13. N1d2 Be7 14. Bf2 O-O 15.
Nf1 d5 16. exd5 Nxd5 1/2-1/2

[Event "26th WSCC 2016 Women 65+"]
[Site "Marianske Lazne, Czech Republic - Hotel Cristal"]
[Date "2016.11.29"]
[Round "8.8"]
[White "Katusak-Huzsvar, Rezsone"]
[Black "Hrivnakova, Anna"]
[Result "1-0"]
[WhiteElo "1372"]
[BlackElo "1555"]
[PlyCount "57"]
[EventDate "2016.11.19"]

1. e4 c5 2. Nf3 d6 3. c3 Nc6 4. d4 cxd4 5. cxd4 Bg4 6. d5 Ne5 7. Nxe5 Qa5+ 8.
Bd2 Bxd1 9. Bxa5 a6 10. Nxf7 Kxf7 11. Kxd1 Nf6 12. f3 g6 13. Bc3 Bg7 14. g3
Rac8 15. Bh3 Rb8 16. Be6+ Kf8 17. Na3 b5 18. Nc2 h5 19. Nd4 b4 20. Nc6 bxc3 21.
Nxb8 Nxe4 22. fxe4 cxb2 23. Rf1+ Bf6 24. Rb1 Kg7 25. Nxa6 Ra8 26. Nb4 Ra3 27.
Ke2 Ra4 28. Nd3 Rxa2 29. Rxf6 1-0

[Event "26th WSCC 2016 Women 65+"]
[Site "Marianske Lazne, Czech Republic - Hotel Cristal"]
[Date "2016.11.29"]
[Round "8.9"]
[White "Khmiadashvili, Tamar"]
[Black "Florea, Dorina"]
[Result "1-0"]
[WhiteElo "1971"]
[BlackElo "1769"]
[PlyCount "53"]
[EventDate "2016.11.19"]

1. d4 Nf6 2. Nf3 e6 3. e3 d5 4. Nbd2 Nbd7 5. Bd3 c5 6. b3 Bd6 7. Bb2 O-O 8. Ne5
Qc7 9. f4 a6 10. c4 Nb6 11. O-O dxc4 12. Ndxc4 Nxc4 13. bxc4 Bd7 14. Nxd7 Nxd7
15. Qh5 f5 16. Qf3 cxd4 17. exd4 b6 18. Rae1 Rae8 19. Re2 Nf6 20. g3 a5 21. Rc1
Qa7 22. Qc6 Qc7 23. Qxc7 Bxc7 24. Ba3 Rf7 25. Rce1 Rd8 26. Rxe6 Rxd4 27. Re8+
1-0

[Event "26th WSCC 2016 Women 65+"]
[Site "Marianske Lazne, Czech Republic - Hotel Cristal"]
[Date "2016.11.30"]
[Round "9.2"]
[White "Pribylova, Ruzena"]
[Black "Fatalibekova, Elena"]
[Result "0-1"]
[WhiteElo "1911"]
[BlackElo "2269"]
[PlyCount "92"]
[EventDate "2016.11.19"]

1. e4 c5 2. Nf3 Nc6 3. d4 cxd4 4. Nxd4 Qb6 5. Nxc6 bxc6 6. c4 g6 7. Nc3 Bg7 8.
Be2 d6 9. O-O Nf6 10. Qc2 O-O 11. Be3 Qc7 12. Rad1 Ng4 13. Bf4 Ne5 14. Qd2 f5
15. Bh6 Bxh6 16. Qxh6 f4 17. g3 f3 18. Bd3 Rf6 19. c5 Nxd3 20. Rxd3 Ba6 21.
cxd6 exd6 22. Rfd1 Bxd3 23. Rxd3 Re8 24. Qg5 Kg7 25. Qd2 Qe7 26. Re3 Qe5 27.
Qd3 Ref8 28. Qc4 Qh5 29. h4 Qg4 30. Kf1 d5 31. Qd3 Re8 32. exd5 Rxe3 33. Qxe3
cxd5 34. Qe5 Qh3+ 35. Ke1 Qe6 36. Qxe6 Rxe6+ 37. Kd2 d4 38. Nd1 Re2+ 39. Kd3
Kf6 40. a3 Ke5 41. g4 Kd5 42. h5 g5 43. a4 a5 44. b4 axb4 45. h6 b3 46. a5 b2
0-1

[Event "26th WSCC 2016 Women 65+"]
[Site "Marianske Lazne, Czech Republic - Hotel Cristal"]
[Date "2016.11.30"]
[Round "9.3"]
[White "Kuznetsova, Luba"]
[Black "Khmiadashvili, Tamar"]
[Result "1/2-1/2"]
[WhiteElo "2021"]
[BlackElo "1971"]
[PlyCount "59"]
[EventDate "2016.11.19"]

1. d4 d6 2. e4 c6 3. h3 Nf6 4. Nd2 g6 5. Ngf3 Bg7 6. Bd3 O-O 7. O-O Nbd7 8. c3
Ne8 9. Qb3 e5 10. Rd1 Kh8 11. Nc4 b5 12. Ne3 Rb8 13. a4 b4 14. dxe5 Nc5 15. Qc2
b3 16. Qe2 dxe5 17. Ng4 Qe7 18. Bg5 f6 19. Be3 Nc7 20. Bxc5 Qxc5 21. Qe3 Ne6
22. Nd2 h5 23. Nh2 Qxe3 24. fxe3 Nc5 25. Bc4 f5 26. Nhf3 Bf6 27. exf5 Bxf5 28.
e4 Nxe4 29. Nxe4 Bxe4 30. Re1 1/2-1/2

[Event "26th WSCC 2016 Women 65+"]
[Site "Marianske Lazne, Czech Republic - Hotel Cristal"]
[Date "2016.11.30"]
[Round "9.5"]
[White "O`neill, Julie Anne"]
[Black "Modrova, Hana"]
[Result "0-1"]
[WhiteElo "1774"]
[BlackElo "1842"]
[PlyCount "100"]
[EventDate "2016.11.19"]

1. e4 d6 2. d4 Nf6 3. Nc3 c6 4. f4 Qa5 5. Bd3 e5 6. Be3 exd4 7. Bxd4 b5 8. a3
Be7 9. b4 Qc7 10. Nf3 a6 11. O-O c5 12. Bxf6 Bxf6 13. Nd5 Qd8 14. Nxf6+ gxf6
15. c4 Qb6 16. Kh1 Be6 17. bxc5 dxc5 18. Rb1 b4 19. axb4 cxb4 20. Qc2 Nc6 21.
Rfc1 Bg4 22. c5 Qc7 23. Qa4 Bd7 24. Bb5 O-O 25. Bxc6 Bxc6 26. Qxb4 Qxf4 27. Re1
Rfb8 28. Qd2 Qxd2 29. Nxd2 Rxb1 30. Nxb1 Re8 31. Nc3 Re5 32. h3 Rxc5 33. Re3
Re5 34. Rf3 Kg7 35. Kh2 Bxe4 36. Re3 f5 37. g4 f6 38. Kg3 Bc2 39. Kf4 Rxe3 40.
Kxe3 fxg4 41. hxg4 Kf7 42. Kf4 Ke6 43. Ne2 Kd5 44. Ng3 a5 45. Ne2 a4 46. Nc3+
Kc4 47. Nxa4 Bxa4 48. g5 fxg5+ 49. Kxg5 Bc2 50. Kh6 Bg6 0-1

[Event "26th WSCC 2016 Women 65+"]
[Site "Marianske Lazne, Czech Republic - Hotel Cristal"]
[Date "2016.11.30"]
[Round "9.7"]
[White "Kabanova, Irina"]
[Black "Hrivnakova, Anna"]
[Result "1/2-1/2"]
[WhiteElo "1834"]
[BlackElo "1555"]
[PlyCount "39"]
[EventDate "2016.11.19"]

1. e4 c5 2. Nf3 d6 3. d4 cxd4 4. Nxd4 Nf6 5. Nc3 Nc6 6. Be2 e6 7. O-O Be7 8.
Be3 a6 9. Kh1 O-O 10. f4 Qc7 11. Bf3 Nxd4 12. Bxd4 e5 13. Be3 Bd7 14. Qe2 Rac8
15. Rad1 Qc4 16. Qxc4 Rxc4 17. Be2 Rcc8 18. Rd2 Bc6 19. Bf3 Rfe8 20. f5 1/2-1/2

[Event "26th WSCC 2016 Women 65+"]
[Site "Marianske Lazne, Czech Republic - Hotel Cristal"]
[Date "2016.11.30"]
[Round "9.9"]
[White "Urbanaites, Elvira"]
[Black "Benova, Zita"]
[Result "1-0"]
[WhiteElo "1501"]
[BlackElo "1632"]
[PlyCount "103"]
[EventDate "2016.11.19"]

1. b3 d6 2. Bb2 Nf6 3. e3 e5 4. d3 Be7 5. Nd2 c6 6. a3 Be6 7. Be2 O-O 8. g4 Ne8
9. h3 g6 10. e4 b5 11. d4 exd4 12. Bxd4 Bf6 13. Ngf3 Nd7 14. Rg1 a6 15. Rb1 c5
16. Bxf6 Qxf6 17. g5 Qc3 18. h4 Ng7 19. Nh2 Ne5 20. Rg3 Qa5 21. b4 Qb6 22. h5
c4 23. h6 Ne8 24. f4 Nc6 25. c3 Rd8 26. Qc2 Bc8 27. a4 d5 28. a5 Qa7 29. exd5
Bf5 30. Qc1 Rxd5 31. Nhf3 Nc7 32. Rb2 Qe3 33. Nb3 Qe4 34. Nc5 Qe7 35. Nh4 Bd3
36. Re3 Qd6 37. Ng2 Bf5 38. Bf3 Rxc5 39. bxc5 Qxc5 40. Bxc6 Qxc6 41. Qd2 Bd3
42. Qf2 f6 43. Re7 Qd6 44. Rg7+ Kh8 45. Qa7 Rc8 46. Qb7 Re8+ 47. Kf2 Qc5+ 48.
Kg3 fxg5 49. Qxc7 gxf4+ 50. Qxf4 g5 51. Rxg5 Qe7 52. Qd4+ 1-0